| 000 | 00630nam a2200205 i 4500 | ||
|---|---|---|---|
| 001 | 27015 | ||
| 003 | ES-MaACL | ||
| 005 | 20251003185042.0 | ||
| 007 | t| | ||
| 008 | 030113s1973 sp ||||1| spa d | ||
| 100 | 1 |
_aAsimov, Isaac. _923610 |
|
| 245 | 1 | 0 |
_aIntroducción a la ciencia / _cIsaac Asimov ; [traducción de Jorge de Orús, Manuel Vázquez]. |
| 250 | _a[1ª ed.]. | ||
| 260 |
_aBarcelona : _bPlaza & Janés, _c[1973] |
||
| 300 |
_a815 p., 24 lám. ; _c22 cm. |
||
| 700 | 1 |
_aOrús, Jorge de. _987697 |
|
| 700 | 1 |
_aVázquez Tomás, Manuel _9113375 |
|
| 852 |
_aES-MaACL _jC-55214 _bR.87761 |
||
| 999 |
_c27015 _d27015 |
||